Boj za marxisticko-leninskou kulturní politiku (1969-1977) /

Hlavní autor: Bukovský, Miroslav, 1921-
Jazyk: Čeština
Vydáno: [Praha] : [Rudé právo], 1979
Fyzický popis: 8 stran
Knihy
Uloženo v:
LEADER 00904nam a22002652i 4500
001 001550099
003 CZ BrMZK
005 20170303121959.0
007 ta
008 161101s1979 xr er|||||||||||cze d
040 |a BOA001  |b cze  |e rda 
080 9 |a 323:008(437)"1969/1977" 
100 1 |a Bukovský, Miroslav,  |d 1921-  |7 jk01020227  |4 aut 
245 1 0 |a Boj za marxisticko-leninskou kulturní politiku (1969-1977) /  |c Miroslav Bukovský 
264 1 |a [Praha] :  |b [Rudé právo],  |c 1979 
300 |a 8 stran 
336 |a text  |b txt  |2 rdacontent 
337 |a bez média  |b n  |2 rdamedia 
338 |a svazek  |b nc  |2 rdacarrier 
772 0 8 |i Samostatná příloha seriálu:  |t Tvorba,  |g 1979, číslo 23 
787 0 8 |i Separát z:  |t Kultura a ideologický boj 
910 |a BOA001  |b X-0815.530 
990 |a BK 
991 |b 201610 
996 6 |b 2619179332  |c X-0815.530  |l MZK  |r Sklad / do 24 hodin  |n 0  |w 001585420  |u 000010  |a 1  |e BOA001  |j MZK50  |s P